東京地下鉄の乗降客数ランキング - Statistics

General Stats
  • This quiz has been taken 6 times
  • The average score is 32 of 130
Answer Stats
順位 路線 Answer % Correct
2位 複数路線 大手町
100%
1位 複数路線 池袋
80%
3位 千代田線 北千住
60%
7位 丸ノ内線 新宿
60%
8位 丸ノ内線 東京
60%
4位 複数路線 銀座
40%
5位 有楽町線 豊洲
40%
6位 銀座線 新橋
40%
9位 銀座線 渋谷
40%
11 複数路線 表参道
40%
12 東西線 高田馬場
40%
14 複数路線 飯田橋
40%
23 東西線 東陽町
40%
28 銀座線 浅草
40%
52 銀座線 外苑前
40%
70 銀座線 京橋
40%
101 銀座線 田原町
40%
114 銀座線 末広町
40%
121 銀座線 上野広小路
40%
122 副都心線 北参道
40%
125 副都心線 雑司が谷
40%
126 丸ノ内線 中野富士見町
40%
127 銀座線 稲荷町
40%
10位 複数路線 上野
20%
13 複数路線 日本橋
20%
15 千代田線 西日暮里
20%
16 複数路線 新宿三丁目
20%
17 有楽町線 有楽町
20%
18 複数路線 市ケ谷
20%
19 複数路線 霞ケ関
20%
20 複数路線 国会・溜池
20%
21 複数路線 四ツ谷
20%
22 複数路線 三越前
20%
24 複数路線 茅場町
20%
25 日比谷線 秋葉原
20%
26 日比谷線 六本木
20%
27 東西線 門前仲町
20%
29 日比谷線 神谷町
20%
30 複数路線 明治神宮前
20%
31 半蔵門線 錦糸町
20%
32 複数路線 後楽園
20%
33 日比谷線 恵比寿
20%
34 日比谷線 八丁堀
20%
35 複数路線 青山一丁目
20%
36 東西線 葛西
20%
37 東西線 西葛西
20%
38 銀座線 虎ノ門
20%
39 有楽町線 新木場
20%
40 複数路線 日比谷
20%
41 複数路線 赤坂見附
20%
42 千代田線 新御茶ノ水
20%
43 丸ノ内線 荻窪
20%
44 半蔵門線 神保町
20%
45 丸ノ内線 西新宿
20%
46 日比谷線 東銀座
20%
47 東西線 早稲田
20%
48 東西線 浦安
20%
49 丸ノ内線 茗荷谷
20%
50 千代田線 赤坂
20%
51 複数路線 永田町
20%
53 半蔵門線 水天宮前
20%
54 南北線 六本木一丁目
20%
55 半蔵門線 半蔵門
20%
56 丸ノ内線 中野坂上
20%
57 東西線 木場
20%
58 有楽町線 月島
20%
59 日比谷線 人形町
20%
60 千代田線 町屋
20%
61 南北線 王子
20%
62 東西線 南砂町
20%
63 日比谷線 築地
20%
64 半蔵門線 清澄白河
20%
65 日比谷線 広尾
20%
66 丸ノ内線 淡路町
20%
67 日比谷線 虎ノ門ヒルズ
20%
68 銀座線 神田
20%
69 有楽町線 麹町
20%
71 半蔵門線 住吉
20%
72 東西線 行徳
20%
73 丸ノ内線 御茶ノ水
20%
74 丸ノ内線 本郷三丁目
20%
75 東西線 南行徳
20%
76 複数路線 地下鉄成増
20%
77 東西線 妙典
20%
78 有楽町線 江戸川橋
20%
79 丸ノ内線 新宿御苑前
20%
80 日比谷線 三ノ輪
20%
81 有楽町線 東池袋
20%
82 千代田線 北綾瀬
20%
83 南北線 麻布十番
20%
84 複数路線 平和台
20%
85 丸ノ内線 四谷三丁目
20%
86 東西線 竹橋
20%
87 日比谷線 仲御徒町
20%
88 複数路線 要町
20%
89 有楽町線 護国寺
20%
90 副都心線 東新宿
20%
91 丸ノ内線 方南町
20%
92 複数路線 地下鉄赤塚
20%
93 東西線 神楽坂
20%
94 千代田線 乃木坂
20%
95 複数路線 千川
20%
96 日比谷線 入谷
20%
97 複数路線 氷川台
20%
98 千代田線 湯島
20%
99 南北線 駒込
20%
100 副都心線 西早稲田
20%
102 有楽町線 新富町
20%
103 南北線 王子神谷
20%
104 日比谷線 小伝馬町
20%
105 千代田線 二重橋前
20%
106 丸ノ内線 新高円寺
20%
107 有楽町線 銀座一丁目
20%
108 丸ノ内線 新中野
20%
109 丸ノ内線 東高円寺
20%
110 日比谷線 南千住
20%
111 千代田線 代々木公園
20%
112 千代田線 千駄木
20%
113 千代田線 根津
20%
115 有楽町線 辰巳
20%
116 丸ノ内線 南阿佐ケ谷
20%
117 南北線 東大前
20%
118 東西線 原木中山
20%
119 東西線 落合
20%
120 丸ノ内線 新大塚
20%
123 南北線 本駒込
20%
124 丸ノ内線 中野新橋
20%
128 南北線 志茂
20%
129 有楽町線 桜田門
20%
130 南北線 西ケ原
20%
No matching quizzes found
Score Distribution
Percent of People with Each Score
Percentile by Number Answered
Your Score History
You have not taken this quiz